000 00632nam a2200217Ia 4500
005 20241129115702.0
008 241129s9999||||xx |||||||||||||| ||und||
020 _a9789354353277
037 _aTB
040 _aSDCL
_beng
_cSDCL
041 _aeng
_2eng
084 _aV:(G:55).2'P R2
_qSDCL
100 _aSaravanan Velayutham
_9724215
245 0 _aEnvironmental history of modern India : Land, population, technology and development
260 _aNew Delhi
_bBloomsbury
_c2022
300 _axvi,261p.
365 _aINR
_b1299
650 _aHistory
942 _cTB
_hV:(G:55).2'P R2
999 _c1231558
_d1231558